000 00667nam a2200289Ia 4500
005 20260324150231.0
008 008 260324s9999 xx 000 0 eng d
020 _a9781003418023
037 _aEBOOK
040 _aCRL
040 _beng
040 _cCRL
041 _2eng
041 _aeng
084 _qCRL
100 _aElena Skrjabina
_91223715
245 0 _aSiege and Survival
245 4 _bThe Odyssey of a Leningrader
260 _bTaylor and Francis
260 _c1971
365 _a
365 _b220
856 _uhttp://www.taylorfrancis.com/books/9781003418023
942 _cEBOOK
999 _c1834819
_d1834819